000 00836nmm a2200277 a 4500
003 AR-BaBNM
005 20251128203322.0
008 107019s1926 ||||||||||||||000 | spa||
040 _cAR-BaBNM
100 1 _aLópez, Vicente Fidel
_d1815-1903
245 1 0 _aHistoria de la Argentina
_bsu origen, su revolución y su desarrollo político hasta 1852. 10
250 _a4ª ed.
260 _aBuenos Aires
_bLa Facultad
_c1926
300 0 _a430 p.
_bil., láms.
500 0 _aContiene apéndice para consultar p. 393-430
600 1 4 _aDorrego, Manuel
_d1787-1828
600 1 4 _aLavalle, Juan
_d1797-1841
650 4 _aGUERRA DEL BRASIL
650 4 _aFUSILAMIENTO DE DORREGO
650 4 _aREVOLUCION UNITARIA
650 4 _aROSAS Y SU TIEMPO
650 4 _aREVOLUCION
650 4 _aLIGA UNITARIA
942 _cBK
998 _cmariana
999 _c2879
_d2879